| 000 | 01547nam0a22003731 4500 | ||
|---|---|---|---|
| 001 | rc\169177 | ||
| 005 | 20260412063303.0 | ||
| 010 |
_a5-250-01437-2 _9500000 |
||
| 035 | _a(NLR Aleph) 005432278 | ||
| 090 |
_a7590071 _c7590071 |
||
| 100 | _a20030307d1991 |||y0rusy50 ca | ||
| 101 | 0 | _arus | |
| 102 | _aRU | ||
| 105 | _ay ||||||||| | ||
| 200 | 1 |
_aОрля _e[Сборник _eПеревод] _fГи де Мопассан |
|
| 210 |
_aМ. _cПолитиздат _d1991 |
||
| 215 |
_a125, [2] с. _d20 |
||
| 327 | 0 | _aСодерж.: Орля; Любовь; Яма; Избавилась; Клошет; Маркиз де Фюмроль; Знак; Дьявол; Крещенский сочельник; В лесу, и др. произведения | |
| 464 | 0 |
_12001#$aОрля _tОрля |
|
| 464 | 0 |
_12001#$aЛюбовь _tЛюбовь |
|
| 464 | 0 |
_12001#$aЯма _tЯма |
|
| 464 | 0 |
_12001#$aИзбавилась _tИзбавилась |
|
| 464 | 0 |
_12001#$aКлошет _tКлошет |
|
| 464 | 0 |
_12001#$aМаркиз де Фюмроль _tМаркиз де Фюмроль |
|
| 464 | 0 |
_12001#$aЗнак _tЗнак |
|
| 464 | 0 |
_12001#$aДьявол _tДьявол |
|
| 464 | 0 |
_12001#$aКрещенский сочельник _tКрещенский сочельник |
|
| 464 | 0 |
_12001#$aВ лесу _tВ лесу |
|
| 700 | 1 |
_4070 _8rus _7ca _aМопассан _bГ. де _f1850-1893 _gГи де _3RU\NLR\auth\7713484 _9123173 |
|
| 801 | 0 |
_aRU _bNLR _gpsbo |
|
| 801 | 1 |
_aRU _bELAR _2rusmarc |
|
| 852 |
_aNLR _j90-3/9555 |
||
| 942 | _cBOOK | ||
| 980 | _aNB | ||